000 01476cam a22003737a 4500
003 CHAP
005 20220329142322.0
008 000620d mx r 00110 esp d
010 _a81613
011 _a82585
020 _a9709165003
035 _a93084
040 _cCHAP
082 0 4 _a551.482
_bC7 1998
100 0 0 _aCruickshank García, Gerardo.
_929255
245 1 0 _aProyecto Lago de Texcoco :
_brescate hidroecológico : memoria de la evolución del proyecto que mejora en forma importante las condiciones ambientales de la zona metropolitana de la Ciudad de México
_c/por Gerardo Cruickshank Garcia
250 _a2 ed.
260 _aMéxico, D.F. :
_bComisión Nacional del Agua,
_c1998.
300 _a138 p. :
_bilus.
590 _aBATCH-UPD
_b10
_c20130110
_lUCH01
_h0818
590 _aBATCH-UPD
_b10
_c20130410
_lUCH01
_h0455
590 _aBATCH-UPD
_b10
_c20130914
_lUCH01
_h1109
590 _aCONVERSION
_b10
_c20130109
_lUCH01
_h1345
650 1 4 _aEcosistema.
_935290
650 1 4 _aLago de Texcoco.
_964410
650 1 4 _aProyectos
_xEvaluación.
_992525
650 1 4 _aRecursos hidráulicos
_zValle de México.
_995136
901 _aBK
905 _aAlejandra Carrasco M.
942 _cLIBRO
949 _a551.482 C7 1998
_bBC
_cLIBRO
_d33724000799730
_eLIBRO
_h98236
_i93084
_si
949 _a551.482 C7 1998
_bBC
_cLIBRO
_d33724002079934
_eLIBRO
_fc.2
_h110571
_i93084
_si
949 _a551.482 C7 1998
_bBC
_cLIBRO
_d33724002246736
_eLIBRO
_fc.3
_gDonaciØn
_h115362
_i93084
_si
999 _c81613
_d81613